| 000 | 01116cam a2200241 4500 | ||
|---|---|---|---|
| 001 | ABS63366 | ||
| 008 | 000000n2001 000 0 eng u | ||
| 035 | _a(Sirsi) u110285 | ||
| 100 | _aSmith, K. | ||
| 245 | _aSpecial report: roadside | ||
| 260 | _c2001 | ||
| 490 |
_aProperty Week _v66(1) 5 January 2001, 32-40(5) |
||
| 520 | _aThree articles look at the changes that are, quite literally, in the roadside. The first considers the new service stations being provided by Extra and whether these will overshadow their rivals. The second looks the problem of delivering goods ordered on-line to consumers; a problem which has not been properly resolved. Two companies with different approaches are profiled; one uses mainly petrol stations while the other looks at other suitable sites in strategic places. The third looks at autoparks - car retail parks. | ||
| 590 | _aABS | ||
| 650 | _aROADSIDE SERVICES | ||
| 650 | _aMOTORWAY SERVICE AREAS | ||
| 650 | _aE-COMMERCE | ||
| 650 | _aAUTOPARKS | ||
| 690 | _aTRANSPORT AND COMMUNICATIONS | ||
| 700 | _aMcConnell, T | ||
| 700 | _aBarnes, R | ||
| 942 | _n0 | ||
| 999 |
_c65766 _d65766 |
||